|
|
|
|
| LEADER |
02212nam a2200589 i 4500 |
| 001 |
nkc20243583125 |
| 003 |
CZ PrNK |
| 005 |
20240219094904.0 |
| 007 |
ta |
| 008 |
240110s2023 xr a e c 000 0dcze |
| 020 |
|
|
|a 978-80-908865-6-8
|q (brožováno)
|
| 040 |
|
|
|a BOA001
|b cze
|e rda
|
| 043 |
|
|
|a e-xr---
|
| 045 |
|
|
|a y0y2
|
| 072 |
|
7 |
|a 75
|x Malířství
|2 Konspekt
|9 21
|
| 080 |
|
|
|a 75(437.3)
|2 MRF
|
| 080 |
|
|
|a 75.047
|2 MRF
|
| 080 |
|
|
|a 7.038.53
|2 MRF
|
| 080 |
|
|
|a 75.036/.038
|2 MRF
|
| 080 |
|
|
|a (437.3)
|2 MRF
|
| 080 |
|
|
|a (083.824)
|2 MRF
|
| 100 |
1 |
|
|a Daněk, Zdeněk,
|d 1977-
|7 jo20010087010
|4 art
|
| 245 |
1 |
0 |
|a Zdeněk Daněk :
|b na čekané /
|c kurátor výstavy a text: Jan Čejka
|
| 246 |
3 |
0 |
|a Na čekané
|
| 264 |
|
1 |
|a Olomouc :
|b Galerie Caesar,
|c [2023]
|
| 300 |
|
|
|a 8 nečíslovaných stran :
|b ilustrace (převážně barevné) ;
|c 30 cm
|
| 336 |
|
|
|a text
|b txt
|2 rdacontent
|
| 336 |
|
|
|a statický obraz
|b sti
|2 rdacontent
|
| 337 |
|
|
|a bez média
|b n
|2 rdamedia
|
| 338 |
|
|
|a svazek
|b nc
|2 rdacarrier
|
| 500 |
|
|
|a "375. výstava Galerie Caesar, 1.11.-28.11.2023"--Tiráž
|
| 500 |
|
|
|a Životopisná data a přehled výstav
|
| 600 |
1 |
7 |
|a Daněk, Zdeněk,
|d 1977-
|7 jo20010087010
|2 czenas
|
| 648 |
|
4 |
|a 2001-2023
|
| 648 |
|
7 |
|a 21. století
|7 ch460559
|2 czenas
|
| 650 |
0 |
7 |
|a české malířství
|7 ph116864
|y 21. století
|2 czenas
|
| 650 |
0 |
7 |
|a krajinomalba
|7 ph121926
|z Česko
|y 21. století
|2 czenas
|
| 650 |
0 |
7 |
|a video art
|7 ph249651
|z Česko
|y 21. století
|2 czenas
|
| 650 |
0 |
7 |
|a moderní malířství
|7 ph122940
|z Česko
|2 czenas
|
| 650 |
0 |
9 |
|a Czech painting
|y 21st century
|2 eczenas
|
| 650 |
0 |
9 |
|a landscape painting
|z Czechia
|y 21st century
|2 eczenas
|
| 650 |
0 |
9 |
|a video art
|z Czechia
|y 21st century
|2 eczenas
|
| 650 |
0 |
9 |
|a modern painting
|z Czechia
|2 eczenas
|
| 655 |
|
7 |
|a katalogy výstav
|7 fd132536
|2 czenas
|
| 655 |
|
9 |
|a exhibition catalogs
|2 eczenas
|
| 700 |
1 |
|
|a Čejka, Jan,
|d 1996-
|7 mzk20221153282
|4 wfw
|4 cur
|
| 710 |
2 |
|
|a Galerie Caesar (Olomouc, Česko)
|7 kn20010724231
|4 orm
|4 isb
|
| 910 |
2 |
|
|a BOA001
|b 4-1521.325
|
| 990 |
|
|
|a BK
|
| 995 |
|
|
|a 61
|
| 991 |
|
|
|b 202402
|c NOV
|
| 996 |
6 |
|
|b 2610961255
|c 4-1521.325
|l MZK
|r Sklad / do 1 hodiny
|n 0
|p p.v.
|w 001953768
|u 000010
|a 1
|e BOA001
|j MZK50
|s P
|